DICTIONARY FOR LIBRARY AND INFORMATION S (Record no. 5786)

MARC details
000 -LEADER
fixed length control field 00350nam a2200133Ia 4500
008 - FIXED-LENGTH DATA ELEMENTS--GENERAL INFORMATION
fixed length control field 240624s9999 xx 000 0 und d
041 ## - LANGUAGE CODE
Language code of text/sound track or separate title eng
082 ## - DEWEY DECIMAL CLASSIFICATION NUMBER
Classification number 413 REI
100 ## - MAIN ENTRY--PERSONAL NAME
Personal name REITZ JOAN M
245 ## - TITLE STATEMENT
Title DICTIONARY FOR LIBRARY AND INFORMATION S
260 ## - PUBLICATION, DISTRIBUTION, ETC.
Date of publication, distribution, etc. 2005
Place of publication, distribution, etc. London
Name of publisher, distributor, etc. Libraries Unlimited
300 ## - PHYSICAL DESCRIPTION
Extent x, : 788 : p. : cm. ; 23
365 ## - TRADE PRICE
Currency code RS
Price amount 35
Holdings
Withdrawn status Lost status Damaged status Not for loan Home library Current library Shelving location Date acquired Source of acquisition Cost, normal purchase price Full call number Barcode Date last seen Copy number Price effective from Koha item type
        IMTN IMTN Rack 15-B 08/29/2007 RBC 1450.00 413 REI 5786 06/24/2024 1 06/24/2024 Books
Designed & Maintained by: LRC IMT Nagpur Contact: lrc@imtnag.ac.in© 2024. All Rights Reserved.